En torno al casticismo /

Saved in:
Bibliographic Details
Main Author: Unamuno, Miguel de, 1864-1936
Format: Book
Language:Spanish
Published: Madrid : Espasa-Calpe, 1968.
Edition:7a ed.
Series:Colección austral ; no.403.
Subjects:
LEADER 00868nam a2200253 a 4500
001 c000342888
003 CARM
005 00000000000000.0
008 850304s1968 sp 00010 spa d
019 1 |a 3722021  |5 LACONCORD2021 
035 |a (OCoLC)9180587  |5 LACONCORD2021 
040 |a NUN  |c NUN 
043 |a e-sp--- 
082 1 |a 864.6/2  |2 19 
100 1 |a Unamuno, Miguel de,  |d 1864-1936. 
245 1 0 |a En torno al casticismo /  |c Miguel de Unainumo. 
250 |a 7a ed. 
260 |a Madrid :  |b Espasa-Calpe,  |c 1968. 
300 |a 146 p. ;  |c 17 cm. 
490 0 |a Colección austral ;  |v no.403. 
651 0 |a Spain  |x Intellectual life. 
852 8 |b CARM  |h A1:AM06A0  |i A04676  |p 0416196  |f BK 
999 f f |i 69d92aff-ac2d-53a8-b2c0-68c1e15d5794  |s ac671ed1-7936-5732-990e-57261b41ca28 
952 f f |p Can circulate  |a CAVAL  |b CAVAL  |c CAVAL  |d CARM 1 Store  |e A04676  |f A1:AM06A0  |h Other scheme  |i book  |m 0416196